Možnosti aplikácie predikčných modelov pri hodnotení pravdepodobnosti zlyhania vybraných podnikov dizertačná práca

Guardado en:
Detalles Bibliográficos
Autor principal: Luščíková, Darina
Autor Corporativo: Fakulta podnikového manažmentu EU. Katedra podnikovohospodárska
Otros Autores: Rybárová, Daniela, 1967-
Formato: Libro
Lenguaje:eslovaco
Publicado: Bratislava 2020
Materias:
Etiquetas: Agregar Etiqueta
Sin Etiquetas, Sea el primero en etiquetar este registro!

MARC

LEADER 00000nbm a2200000 4500
001 0268034
005 20230302102210.6
041 0 |a slo 
044 |a SK 
245 1 0 |a Možnosti aplikácie predikčných modelov pri hodnotení pravdepodobnosti zlyhania vybraných podnikov  |b dizertačná práca  |c Darina Luščíková ; školiteľ: Daniela Rybárová 
264 1 |a Bratislava  |c 2020 
300 |a 146 s. 
610 2 0 |a modely prognostické 
610 2 0 |a pravdepodobnosť 
610 2 0 |a situácia finančná podniku 
610 2 0 |a úpadok podniku 
100 1 |a Luščíková, Darina 
700 1 |a Rybárová, Daniela, 1967- 
710 2 |a Fakulta podnikového manažmentu EU. Katedra podnikovohospodárska